[Event "32nd ECC Women 2016"]
[Site "Novi Sad SRB"]
[Date "2016.11.12"]
[Round "7.2"]
[Board "3"]
[White "Khotenashvili, Bela"]
[Black "Savina, Anastasia"]
[Result "0-1"]
[WhiteTitle "GM"]
[BlackTitle "IM"]
[WhiteElo "2426"]
[BlackElo "2363"]
[WhiteTeam "NONA Batumi"]
[BlackTeam "SHSM Legacy Square Moscow"]
[WhiteFideId "13602640"]
[BlackFideId "4196872"]
[EventDate "2016.11.06"]

1. d4 Nf6 2. c4 g6 3. g3 c5 4. d5 b5 5. cxb5 a6 6. bxa6 d6 7. Nc3 Bg7 8. Nf3 O-O
9. Bg2 Nbd7 10. O-O Nb6 11. a4 Rxa6 12. e4 Nfd7 13. Re1 Ra8 14. Bf1 Ba6 15. Nb5
Ne5 16. Nxe5 Bxe5 17. Qc2 Qd7 18. Ra3 c4 19. Nc3 Qb7 20. Nd1 Nd7 21. Bd2 Rfb8
22. Bc3 Bxc3 23. Rxc3 Qb4 24. Ree3 Nb6 25. Ra3 Bc8 26. Nc3 Bd7 27. e5 Nxa4 28.
exd6 exd6 29. Nxa4 Rxa4 30. Re7 Qxb2 31. Qxb2 Rxb2 32. Rf3 Bf5 33. g4 c3 34.
gxf5 c2 35. Rc7 Ra1 36. Rfc3 Rbb1 37. f6 Rxf1+ 38. Kg2 h6 39. Rxc2 Rg1+ 40. Kh3
g5 41. f3 Ra3 42. R2c3 Rxc3 43. Rxc3 Rd1 44. Rc7 Rxd5 45. f4 gxf4 46. Kg4 f3 47.
Kxf3 Rf5+ 48. Ke4 Rxf6 49. Kd5 Kg7 50. Rc2 Kg6 51. Rg2+ Kh5 52. Rg3 Kh4 53. Kc6
h5 54. Kd5 Rf2 55. Kxd6 Rxh2 56. Rf3 Re2 57. Rxf7 Kg3 58. Rg7+ Kh3 59. Kd5 h4
60. Kd4 Kh2 61. Kd3 Rg2 62. Rh7 Rg4 63. Ke3 Kg2 64. Rf7 h3 65. Rf2+ Kg1 66. Kf3
Rf4+ 0-1

[Event "32nd ECC Women 2016"]
[Site "Novi Sad SRB"]
[Date "2016.11.12"]
[Round "7.2"]
[Board "4"]
[White "Shuvalova, Polina"]
[Black "Melia, Salome"]
[Result "0-1"]
[WhiteTitle "WIM"]
[BlackTitle "IM"]
[WhiteElo "2390"]
[BlackElo "2393"]
[WhiteTeam "SHSM Legacy Square Moscow"]
[BlackTeam "NONA Batumi"]
[WhiteFideId "24171760"]
[BlackFideId "13602446"]
[EventDate "2016.11.06"]

1. Nf3 d5 2. c4 e6 3. g3 g6 4. Bg2 Bg7 5. d4 Ne7 6. O-O O-O 7. Qc2 b6 8. Bf4 Bb7
9. Rd1 Nbc6 10. a3 dxc4 11. Nbd2 Nd5 12. Nxc4 Nxf4 13. gxf4 Ne7 14. Rac1 Rc8 15.
e3 Qe8 16. b4 Qb5 17. Nce5 a5 18. Bf1 Qe8 19. Bg2 axb4 20. axb4 Qb5 21. Qc4 Qe8
22. Nd2 Bd5 23. Qc3 f6 24. Nd3 g5 25. e4 Bb7 26. Qc4 Qf7 27. Bh3 g4 28. Bxg4 f5
29. exf5 Bd5 30. Qc3 Nxf5 31. Ne5 Bxe5 32. dxe5 Qg6 33. h3 h5 34. Kh2 hxg4 35.
Rg1 Nh6 36. Qg3 Qf5 37. hxg4 Qxf4 38. g5 Ng4+ 0-1

[Event "32nd ECC Women 2016"]
[Site "Novi Sad SRB"]
[Date "2016.11.12"]
[Round "7.3"]
[Board "1"]
[White "Pogonina, Natalija"]
[Black "Galliamova, Alisa"]
[Result "1/2-1/2"]
[WhiteTitle "WGM"]
[BlackTitle "IM"]
[WhiteElo "2492"]
[BlackElo "2434"]
[WhiteTeam "Ugra Chess Club"]
[BlackTeam "Ladya Kazan"]
[WhiteFideId "4147855"]
[BlackFideId "4129725"]
[EventDate "2016.11.06"]

1. d4 d5 2. c4 c6 3. e3 Nf6 4. Nc3 e6 5. Nf3 Nbd7 6. Qc2 b6 7. b3 Bb7 8. Bb2 Bd6
9. Bd3 O-O 10. O-O c5 11. cxd5 exd5 12. dxc5 bxc5 13. Rfd1 Rc8 14. Bf5 Bb8 15.
Ne2 d4 16. Ng3 Re8 17. exd4 Bxf3 18. gxf3 cxd4 19. Qd2 Ne5 20. Qf4 Nd5 21. Qe4
Nc3 22. Qb7 Nxd1 23. Rxd1 Rc6 24. Be4 Rd6 25. Qb5 a6 26. Qc5 Rd7 27. Rxd4 Rxd4
28. Bxd4 Qc7 29. b4 g6 30. a4 Qxc5 31. Bxc5 Bc7 32. Bb7 Nd3 33. Ne4 Rb8 34. Bxa6
Nxb4 35. Bc4 Nc6 36. Bb5 Ne5 37. Nf6+ Kh8 38. Ne8 Bd8 39. Kg2 f6 40. f4 Ng4 41.
Bd4 Bb6 42. Ba1 Rc8 43. Nxf6 Nxf6 44. Bxf6+ Kg8 45. Bd3 Kf7 46. Bh4 Ke6 47. Bg3
Rc3 48. Bb1 Rc1 49. Bd3 Ra1 50. Bc2 Kf6 51. Bh4+ Ke6 52. Bg3 Rc1 53. Bd3 Rd1 54.
Bc2 Rd2 55. Bb1 Kf6 56. Bh4+ Kg7 57. f5 Rd4 58. Bg3 Rxa4 59. fxg6 hxg6 60. h4
Bd4 61. Bd3 Bf6 62. Kh3 Bxh4 63. Bc2 Rc4 64. Bd3 Rb4 65. Bxh4 Rb3 66. Kg4 Rxd3
67. Bg5 Rd1 68. Be3 Rg1+ 69. Kh3 Kf6 70. Kh2 Rg4 71. Kh3 Kf5 72. Bd2 Rg1 73. Kh2
Rd1 74. Be3 Ke4 75. Kg2 Rd3 76. Kg3 Rd1 77. Kg2 Rb1 78. Ba7 Kd3 79. Kf3 Rb4 80.
Be3 Ra4 81. Bf4 Ra1 82. Be3 Rg1 83. Kf4 Ke2 84. Ke5 g5 85. Kf5 g4 86. Kf4 Rg2
87. Bc5 Kd3 88. Bb6 Kc4 89. Bd8 Rxf2+ 90. Kxg4 Kd5 91. Kg3 Rf7 92. Bb6 Ke4 93.
Kg2 Kf4 94. Bf2 Rg7+ 95. Kh1 Kf3 96. Bg1 Rd7 97. Bh2 Kf2 98. Bg1+ Kg3 99. Bh2+
Kf3 100. Bg1 Rd1 101. Kh2 Rc1 102. Kh1 Rc2 103. Bh2 Kf2 104. Bg1+ Kg3 105. Bd4
Rh2+ 106. Kg1 Rd2 107. Be5+ Kf3 108. Bc7 Rc2 109. Be5 Rc5 110. Bd6 Rc1+ 111. Kh2
Rc6 112. Be5 Rc1 113. Bd6 Rc2+ 114. Kg1 Rg2+ 115. Kh1 Rg6 116. Be5 1/2-1/2

[Event "32nd ECC Women 2016"]
[Site "Novi Sad SRB"]
[Date "2016.11.12"]
[Round "7.3"]
[Board "2"]
[White "Ambartsumova, Karina"]
[Black "Mkrtchian, Lilit"]
[Result "1/2-1/2"]
[WhiteTitle "WGM"]
[BlackTitle "IM"]
[WhiteElo "2288"]
[BlackElo "2439"]
[WhiteTeam "Ladya Kazan"]
[BlackTeam "Ugra Chess Club"]
[WhiteFideId "4166299"]
[BlackFideId "13300601"]
[EventDate "2016.11.06"]

1. e4 c6 2. d4 d5 3. e5 Bf5 4. Be3 e6 5. Nd2 Nd7 6. Be2 h6 7. Ngf3 Ne7 8. O-O
Bg6 9. Nb3 Nf5 10. Bd2 Be7 11. h3 O-O 12. c3 Rc8 13. g4 Nh4 14. Nxh4 Bxh4 15. f4
f6 16. exf6 Nxf6 17. Nc5 Qe7 18. Be3 Bh7 19. Bd3 Bxd3 20. Qxd3 b6 21. Nb3 Ne4
22. Nd2 Nxd2 23. Qxd2 Rf7 24. Rf3 c5 25. Raf1 c4 26. Bf2 Bxf2+ 27. Qxf2 Rf6 28.
Qe3 Qf7 29. Kg2 Re8 30. a3 b5 31. Qe5 a5 32. R1f2 Qd7 33. Re2 Ref8 34. Ref2 Re8
35. Re2 Ref8 36. Ref2 1/2-1/2

[Event "32nd ECC Women 2016"]
[Site "Novi Sad SRB"]
[Date "2016.11.12"]
[Round "7.3"]
[Board "3"]
[White "Nechaeva, Marina"]
[Black "Nebolsina, Vera"]
[Result "1-0"]
[WhiteTitle "IM"]
[BlackTitle "WGM"]
[WhiteElo "2420"]
[BlackElo "2178"]
[WhiteTeam "Ugra Chess Club"]
[BlackTeam "Ladya Kazan"]
[WhiteFideId "4149351"]
[BlackFideId "4163591"]
[EventDate "2016.11.06"]

1. d4 f5 2. c4 Nf6 3. Nc3 d6 4. Nf3 g6 5. Bf4 Bg7 6. h3 c6 7. e3 Be6 8. Be2 h6
9. Bh2 Bf7 10. Qc2 Nbd7 11. O-O O-O 12. b4 Nb6 13. Nd2 c5 14. bxc5 dxc5 15. d5
Nc8 16. Rad1 Nd7 17. e4 Qb6 18. exf5 gxf5 19. Nb5 f4 20. Qe4 a6 21. Na3 Bg6 22.
Qf3 Qf6 23. Qb3 Nd6 24. Rfe1 Rab8 25. Nf3 b5 26. cxb5 axb5 27. Nxb5 c4 28. Bxc4
Nc5 29. Qb4 Rfc8 30. Ne5 Na6 31. Qa4 Nxc4 32. Nxc4 Be8 33. Nca3 Nc7 34. Qxf4
Bxb5 35. Nxb5 Rxb5 36. Rc1 Rb7 37. Qg4 Rf8 38. Be5 Qxf2+ 39. Kh2 Ne8 40. Rf1
Qxf1 41. Rxf1 Rxf1 42. Bxg7 h5 43. Qc8 Rc7 44. Qxe8+ Kxg7 45. Qxh5 Rc2 46. Qe5+
Kf7 47. Qe6+ 1-0

[Event "32nd ECC Women 2016"]
[Site "Novi Sad SRB"]
[Date "2016.11.12"]
[Round "7.3"]
[Board "4"]
[White "Markelova, Lubov"]
[Black "Kovanova, Baira"]
[Result "0-1"]
[WhiteTitle "WFM"]
[BlackTitle "WGM"]
[WhiteElo "2133"]
[BlackElo "2382"]
[WhiteTeam "Ladya Kazan"]
[BlackTeam "Ugra Chess Club"]
[WhiteFideId "24131369"]
[BlackFideId "4164083"]
[EventDate "2016.11.06"]

1. Nf3 Nf6 2. c4 e6 3. Nc3 d5 4. d4 Bb4 5. Qa4+ Nc6 6. e3 O-O 7. Qc2 Re8 8. Bd2
a6 9. h3 h6 10. a3 Bd6 11. Rd1 dxc4 12. Bxc4 e5 13. O-O e4 14. Ne1 Qe7 15. f3
exf3 16. Nxf3 Nd8 17. e4 Nxe4 18. Rde1 Nxd2 19. Rxe7 Nxf3+ 20. Rxf3 Rxe7 21. Nd5
Re6 22. Ba2 Nc6 23. Bb1 Rg6 24. Qf2 Rg5 25. Bf5 Rxf5 26. Rxf5 Bxf5 27. Qxf5 Nxd4
28. Qe4 Ne6 29. Ne3 Bc5 30. Kh2 Bxe3 31. Qxe3 a5 32. Qe4 Rb8 33. b4 axb4 34.
axb4 b6 35. b5 Rd8 36. Qc6 h5 37. Qe4 g6 38. Qc6 Rd6 39. Qa8+ Kg7 40. Qe4 Rd4
41. Qc6 Rf4 42. Qc3+ Kg8 43. Qc6 Rf5 44. Qd7 Rc5 45. h4 Rc4 46. g3 Rd4 47. Qc6
Kf8 48. Kg2 Ke7 49. Kh2 Rd6 50. Qe4 Rd2+ 51. Kg1 Rd1+ 52. Kg2 Rc1 53. Qd3 Rc5
54. Kh3 Ng7 55. Qe4+ Kf8 56. Qa8+ Ne8 57. Qa4 Nd6 58. Qa8+ Ke7 59. Qf3 Rxb5 60.
Qe3+ Kd7 61. Qd4 Rc5 62. Kg2 Rc4 63. Qd3 b5 64. Kh3 b4 65. Qb3 c5 66. Qa4+ Ke6
67. Qb3 Ke7 68. Qe3+ Kd7 69. Qb3 Rc3 70. Qa4+ Ke6 71. Qa5 Nf5 72. Qb6+ Ke7 73.
Qc7+ Kf6 74. Qd8+ Kg7 75. Qc7 Rxg3+ 76. Kh2 Rc3 77. Qe5+ Kh7 78. Qf6 Nh6 79. Kg1
c4 80. Kf1 Rc2 81. Ke1 b3 82. Kd1 c3 83. Qf3 Rh2 84. Kc1 Ra2 85. Kd1 Ra1+ 86.
Ke2 c2 0-1

[Event "32nd ECC Women 2016"]
[Site "Novi Sad SRB"]
[Date "2016.11.12"]
[Round "7.4"]
[Board "1"]
[White "Sandu, Mihaela"]
[Black "Bodnaruk, Anastasia"]
[Result "1-0"]
[WhiteTitle "WGM"]
[BlackTitle "IM"]
[WhiteElo "2207"]
[BlackElo "2470"]
[WhiteTeam "Midland Monarchs"]
[BlackTeam "Chigorin Chess Club St Petersburg"]
[WhiteFideId "1204327"]
[BlackFideId "4181751"]
[EventDate "2016.11.06"]

1. e4 c5 2. Nf3 d6 3. d4 cxd4 4. Nxd4 Nf6 5. Nc3 a6 6. Be2 e5 7. Nb3 Be7 8. O-O
O-O 9. Be3 Be6 10. Qd2 Nbd7 11. a4 Rc8 12. a5 Qc7 13. Rfd1 Rfd8 14. Qe1 Qc6 15.
Bf3 h6 16. h3 Nh7 17. Nc1 Nc5 18. N1a2 Qe8 19. Nb4 Ng5 20. Bxg5 Bxg5 21. Qe2 g6
22. Kh2 Bf6 23. Nbd5 Bxd5 24. Nxd5 Bg7 25. g3 f5 26. b4 Ne6 27. c3 Ng5 28. Bg2
Qf7 29. h4 Ne6 30. Bh3 f4 31. Rd3 Rf8 32. Rad1 Rc6 33. Nb6 Rd8 34. Qg4 Nc7 35.
c4 Kh7 36. h5 gxh5 37. Qf5+ Kg8 38. Qxf7+ Kxf7 39. Bc8 Ne6 40. Bxb7 Rc7 41. Bxa6
fxg3+ 42. fxg3 Nd4 43. c5 dxc5 44. Bc4+ Kg6 45. b5 Rb8 46. Nd5 Ra7 47. a6 Nxb5
48. Rb3 Rxa6 49. Rxb5 Rxb5 50. Bxb5 Ra2+ 51. Kh3 h4 52. Be8+ Kh7 53. Kxh4 Re2
54. Kh5 Rh2+ 55. Kg4 Re2 56. Kf3 Rb2 57. Bd7 h5 58. Bf5+ Kh6 59. Nc7 Rb6 60. Rd7
c4 61. Ne6 1-0

[Event "32nd ECC Women 2016"]
[Site "Novi Sad SRB"]
[Date "2016.11.12"]
[Round "7.4"]
[Board "2"]
[White "Ovod, Evgenija"]
[Black "Chevannes, Sabrina L"]
[Result "1-0"]
[WhiteTitle "IM"]
[BlackTitle "WIM"]
[WhiteElo "2375"]
[BlackElo "2012"]
[WhiteTeam "Chigorin Chess Club St Petersburg"]
[BlackTeam "Midland Monarchs"]
[WhiteFideId "4131827"]
[BlackFideId "411280"]
[EventDate "2016.11.06"]

1. c4 e6 2. Nc3 d5 3. d4 c6 4. Nf3 Nf6 5. Bg5 Be7 6. e3 O-O 7. Bd3 dxc4 8. Bxc4
Nd5 9. Bxe7 Qxe7 10. O-O Nd7 11. Qd2 Nxc3 12. Qxc3 b6 13. e4 Bb7 14. Rfe1 Qf6
15. Rad1 Rac8 16. Qe3 Rfd8 17. e5 Qe7 18. Ng5 c5 19. Bd3 Nf8 20. dxc5 Rxc5 21.
f4 Bd5 22. Bb1 Rc7 23. Ne4 Ng6 24. g3 Qb4 25. Rd2 Rcd7 26. Nd6 Ne7 27. Rc1 g6
28. a3 Qa4 29. Rc3 Nf5 30. Bxf5 gxf5 31. Rd4 Qa6 32. g4 fxg4 33. f5 Kh8 34. Qg5
Qe2 35. Nxf7+ Rxf7 36. Qxd8+ Kg7 37. Qg5+ 1-0

[Event "32nd ECC Women 2016"]
[Site "Novi Sad SRB"]
[Date "2016.11.12"]
[Round "7.4"]
[Board "3"]
[White "Manelidou, Maria"]
[Black "Belenkaya, Dina"]
[Result "0-1"]
[WhiteTitle "WFM"]
[BlackTitle "WGM"]
[WhiteElo "2084"]
[BlackElo "2332"]
[WhiteTeam "Midland Monarchs"]
[BlackTeam "Chigorin Chess Club St Petersburg"]
[WhiteFideId "4212240"]
[BlackFideId "24142654"]
[EventDate "2016.11.06"]

1. e4 c6 2. d4 d5 3. e5 c5 4. dxc5 Nc6 5. a3 Nxe5 6. b4 g6 7. Bb5+ Bd7 8. Qxd5
Bxb5 9. Qxe5 Nf6 10. Bb2 Bg7 11. Nc3 Bc6 12. f3 O-O 13. Nge2 Ne4 14. Qf4 e5 15.
Qe3 Nxc3 16. Bxc3 Qh4+ 17. g3 Qh3 18. Kf2 Rad8 19. Ng1 Qf5 20. Rc1 Rfe8 21. Ne2
Qh3 22. Ng1 Qh5 23. Qe1 e4 24. Bxg7 e3+ 0-1

[Event "32nd ECC Women 2016"]
[Site "Novi Sad SRB"]
[Date "2016.11.12"]
[Round "7.4"]
[Board "4"]
[White "Balaian, Alina"]
[Black "Serbanescu, Diana-Maria"]
[Result "0-1"]
[WhiteTitle "WIM"]
[WhiteElo "2216"]
[BlackElo "1989"]
[WhiteTeam "Chigorin Chess Club St Petersburg"]
[BlackTeam "Midland Monarchs"]
[WhiteFideId "24115347"]
[BlackFideId "1200550"]
[EventDate "2016.11.06"]

1. e4 d6 2. d4 Nf6 3. Nc3 e5 4. Nf3 Nbd7 5. Bc4 Be7 6. O-O O-O 7. a4 c6 8. Re1
b6 9. b3 a6 10. Bb2 Qc7 11. Bd3 Re8 12. Ne2 Bf8 13. Ng3 g6 14. Qd2 Bg7 15. a5 b5
16. c4 bxc4 17. bxc4 exd4 18. Nxd4 Ne5 19. Bf1 h5 20. h3 h4 21. Nh1 c5 22. Nc2
Qb7 23. Rab1 Qc6 24. f3 Nh5 25. Bc1 Be6 26. Na3 Rab8 27. Rxb8 Rxb8 28. f4 Bh6
29. Qf2 Rb3 30. Qc2 Rxa3 31. Bxa3 Bxf4 32. Bc1 Qc7 33. Bxf4 Nxf4 34. Qc3 Qe7 35.
Nf2 Qg5 36. Rb1 Bxc4 37. Ng4 Be6 38. Nxe5 dxe5 39. Kh1 Kh7 40. Rb2 c4 41. Bxc4
Bxc4 42. Qxc4 Kg7 43. Qc3 Nd3 44. Rd2 Nf4 45. Rf2 Kh7 46. Qf3 Kg7 47. Rc2 Qd8
48. Ra2 Qd4 49. Kh2 Qc4 50. Ra1 Qd4 51. Ra2 Qc4 52. Qf2 Qxe4 53. Qxh4 Qd5 54.
Qf2 Nd3 55. Qd2 e4 56. Qc3+ Kh7 57. Re2 Nf4 58. Rd2 Nd3 59. g3 Qf5 60. Re2 Qf1
61. Rg2 Ne1 62. Rg1 Nf3+ 0-1

[Event "32nd ECC Women 2016"]
[Site "Novi Sad SRB"]
[Date "2016.11.12"]
[Round "7.5"]
[Board "1"]
[White "Socko, Monika"]
[Black "Efroimski, Marsel"]
[Result "1-0"]
[WhiteTitle "GM"]
[BlackTitle "WGM"]
[WhiteElo "2428"]
[BlackElo "2312"]
[WhiteTeam "ASD C.S.R. Fischer Chieti"]
[BlackTeam "Rishon Le Zion"]
[WhiteFideId "1106619"]
[BlackFideId "2810964"]
[EventDate "2016.11.06"]

1. d4 d5 2. c4 dxc4 3. e3 e5 4. Bxc4 exd4 5. exd4 Nf6 6. Nf3 Bd6 7. Qe2+ Qe7 8.
Qxe7+ Bxe7 9. Nc3 O-O 10. O-O c6 11. Re1 Bd6 12. Bg5 Nbd7 13. Bb3 b6 14. Ne5 c5
15. Nb5 Bb8 16. Nxf7 Ba6 17. a4 cxd4 18. Ne5+ Kh8 19. Nxd7 Nxd7 20. Bd5 h6 21.
Be7 Be5 22. Bxf8 Rxf8 23. Be6 1-0

[Event "32nd ECC Women 2016"]
[Site "Novi Sad SRB"]
[Date "2016.11.12"]
[Round "7.5"]
[Board "2"]
[White "Lahav, Michal"]
[Black "Zimina, Olga"]
[Result "0-1"]
[WhiteTitle "WFM"]
[BlackTitle "IM"]
[WhiteElo "2251"]
[BlackElo "2394"]
[WhiteTeam "Rishon Le Zion"]
[BlackTeam "ASD C.S.R. Fischer Chieti"]
[WhiteFideId "2813742"]
[BlackFideId "4132190"]
[EventDate "2016.11.06"]

1. e4 c6 2. d4 d5 3. e5 Bf5 4. Ne2 e6 5. Ng3 Bg6 6. h4 h5 7. c4 Be7 8. cxd5 Qxd5
9. Nc3 Qa5 10. Be2 Na6 11. Be3 Nb4 12. Kf1 Nc2 13. Rc1 Nxe3+ 14. fxe3 Nh6 15. e4
O-O-O 16. d5 Kb8 17. Qb3 exd5 18. exd5 cxd5 19. Nb5 Rc8 20. Rc3 Ng4 21. Nd6 Bxd6
22. exd6 Rxc3 23. Qxc3 Qxc3 24. bxc3 Rd8 25. Ke1 Rxd6 26. Kd2 d4 27. cxd4 Rxd4+
28. Kc3 Ra4 29. Kb3 Rf4 30. Re1 f6 31. Bf3 Bf7+ 32. Ka3 Ne5 33. Bxh5 Bd5 34. Be2
Rxh4 35. Nf5 Re4 36. Nd6 Re3+ 37. Ka4 Bc6+ 38. Ka5 b6+ 0-1

[Event "32nd ECC Women 2016"]
[Site "Novi Sad SRB"]
[Date "2016.11.12"]
[Round "7.5"]
[Board "3"]
[White "Paolillo, Gaia"]
[Black "Mdivani, Maka"]
[Result "1-0"]
[WhiteTitle "WFM"]
[WhiteElo "2013"]
[BlackElo "1958"]
[WhiteTeam "ASD C.S.R. Fischer Chieti"]
[BlackTeam "Rishon Le Zion"]
[WhiteFideId "864986"]
[BlackFideId "2817691"]
[EventDate "2016.11.06"]

1. Nf3 f5 2. c4 Nf6 3. g3 g6 4. Bg2 d6 5. d4 Bg7 6. O-O O-O 7. Nc3 c6 8. Qc2 Qe8
9. d5 e5 10. dxe6 Bxe6 11. b3 Na6 12. Bb2 d5 13. cxd5 Nb4 14. Qd2 Nbxd5 15. Ng5
Nxc3 16. Bxc3 Rd8 17. Qxd8 Qxd8 18. Nxe6 Qe7 19. Nxf8 Kxf8 20. Rad1 Kf7 21. e3
h5 22. Rd3 Ne4 23. Bxg7 Kxg7 24. Bxe4 fxe4 25. Rd4 Kh6 26. Rfd1 Kg5 27. Kg2 Qe6
28. h4+ Kf5 29. Rc1 b6 30. b4 Ke5 31. Rcc4 Qg4 32. Rxc6 Qf3+ 33. Kg1 Kf5 34. Rd2
Kg4 35. Kh2 Qf7 36. Rcd6 Kf3 37. Rd7 Qc4 38. Rxa7 Qxb4 39. Rf7+ Kg4 40. Rf4# 1-0

[Event "32nd ECC Women 2016"]
[Site "Novi Sad SRB"]
[Date "2016.11.12"]
[Round "7.5"]
[Board "4"]
[White "Federovski, Adi"]
[Black "Di Primio, Eugenia"]
[Result "1-0"]
[WhiteElo "1937"]
[BlackElo "1928"]
[WhiteTeam "Rishon Le Zion"]
[BlackTeam "ASD C.S.R. Fischer Chieti"]
[WhiteFideId "2813777"]
[BlackFideId "821942"]
[EventDate "2016.11.06"]

1. e4 e5 2. Nf3 Nc6 3. Bb5 a6 4. Ba4 Nf6 5. d3 b5 6. Bb3 Be7 7. O-O d6 8. c3 O-O
9. Nbd2 Na5 10. Bc2 c5 11. Re1 Nc6 12. Nf1 Qc7 13. Ne3 h6 14. h3 Re8 15. d4 cxd4
16. cxd4 Nb4 17. Bb1 a5 18. Bd2 Na6 19. Nd5 Nxd5 20. exd5 Bf6 21. dxe5 dxe5 22.
Be4 Rb8 23. Rc1 Qd8 24. Be3 Bb7 25. a3 b4 26. a4 Qd6 27. Nd2 Bd8 28. Qf3 Qd7 29.
Nc4 Bc7 30. Red1 Ba8 31. b3 Bd8 32. Bf5 Qe7 33. Qg4 Qf6 34. Bd7 Re7 35. d6 Rxd7
36. Qxd7 h5 37. Kh1 Qh4 38. Nxe5 Rb7 39. Qf5 g6 40. Qf4 1-0

[Event "32nd ECC Women 2016"]
[Site "Novi Sad SRB"]
[Date "2016.11.12"]
[Round "7.6"]
[Board "1"]
[White "Zhukova, Natalia"]
[Black "Hapala, Elisabeth"]
[Result "1-0"]
[WhiteTitle "GM"]
[BlackTitle "WFM"]
[WhiteElo "2448"]
[BlackElo "2042"]
[WhiteTeam "Jelica PEP - Goracici"]
[BlackTeam "ASVOE Pamhagen"]
[WhiteFideId "14101513"]
[BlackFideId "1622080"]
[EventDate "2016.11.06"]

1. d4 d5 2. c4 c6 3. Nf3 Nf6 4. Nc3 dxc4 5. a4 Bf5 6. Ne5 Nbd7 7. Nxc4 Nb6 8.
Ne5 a5 9. f3 Nfd7 10. e4 Nxe5 11. dxe5 Qxd1+ 12. Kxd1 Be6 13. Kc2 g6 14. Rb1 Bg7
15. f4 f6 16. exf6 exf6 17. b3 f5 18. Be3 Nd7 19. Bc4 Bxc4 20. bxc4 O-O-O 21. e5
Bf8 22. Ne2 Bb4 23. Nc1 Bc5 24. Bd2 b6 25. Nb3 Bb4 26. Bxb4 axb4 27. a5 Kb7 28.
axb6 Kxb6 29. Nd4 c5 30. Nb5 Nf8 31. Nd6 Ra8 32. Nf7 Rg8 33. Rhd1 Rg7 34. Rd6+
Kc7 35. Ng5 Ra2+ 36. Rb2 Ra3 37. Rb3 Ra2+ 38. Rb2 Ra3 39. Kb1 Rc3 40. Ra2 Kb7
41. Rda6 Ra3 42. R2xa3 bxa3 43. Rd6 h6 44. Nf3 Kc8 45. Ka2 g5 46. fxg5 hxg5 47.
Rf6 Ng6 48. Rxf5 Nh4 49. Rxg5 Rxg5 50. Nxg5 Nxg2 51. Kxa3 Ne3 52. Kb3 Ng4 53.
Nf3 1-0

[Event "32nd ECC Women 2016"]
[Site "Novi Sad SRB"]
[Date "2016.11.12"]
[Round "7.6"]
[Board "2"]
[White "Mira, Helene"]
[Black "Velikic, Adela"]
[Result "1-0"]
[WhiteTitle "WIM"]
[WhiteElo "2047"]
[BlackElo "2207"]
[WhiteTeam "ASVOE Pamhagen"]
[BlackTeam "Jelica PEP - Goracici"]
[WhiteFideId "1601601"]
[BlackFideId "913553"]
[EventDate "2016.11.06"]

1. d4 d5 2. c4 c6 3. Nf3 Nf6 4. Nc3 dxc4 5. a4 Bf5 6. e3 e6 7. Bxc4 Bb4 8. O-O
O-O 9. Qe2 Bg6 10. Ne5 Nbd7 11. Nxg6 hxg6 12. Rd1 Qe7 13. e4 e5 14. dxe5 Nxe5
15. Bb3 Rfe8 16. Bg5 Qc7 17. h3 Ned7 18. Bxf7+ Kxf7 19. Qc4+ Re6 20. Qxb4 Rh8
21. Rac1 a5 22. Qc4 Ne5 23. Qe2 Neg4 24. g3 Rxh3 25. Nd5 Qb8 26. Nxf6 Nxf6 27.
Bxf6 gxf6 28. Rd7+ Ke8 29. Rcd1 Rh5 30. Qd3 Qe5 31. Rd8+ Kf7 32. Qb3 Kg7 33.
R1d7+ Kh6 34. Rh8+ Kg5 35. f4+ Kg4 36. fxe5 1-0

[Event "32nd ECC Women 2016"]
[Site "Novi Sad SRB"]
[Date "2016.11.12"]
[Round "7.6"]
[Board "3"]
[White "Eric, Jovana"]
[Black "Horvath, Maria"]
[Result "1-0"]
[WhiteTitle "WIM"]
[BlackTitle "WFM"]
[WhiteElo "2209"]
[BlackElo "1975"]
[WhiteTeam "Jelica PEP - Goracici"]
[BlackTeam "ASVOE Pamhagen"]
[WhiteFideId "938238"]
[BlackFideId "1601660"]
[EventDate "2016.11.06"]

1. e4 e6 2. Qe2 c5 3. Nf3 Nc6 4. g3 Be7 5. Bg2 d5 6. e5 Nh6 7. d3 Nf5 8. c3 b5
9. O-O a5 10. h4 h6 11. Na3 b4 12. Nc2 Ba6 13. Ne3 Nxe3 14. Bxe3 Qc7 15. Bf4 Rb8
16. Rfe1 bxc3 17. bxc3 Rb6 18. Rab1 O-O 19. Rxb6 Qxb6 20. Nh2 Rb8 21. Bc1 Bf8
22. Ng4 Qb1 23. Bf1 c4 24. d4 Qf5 25. h5 Rb1 26. Ne3 Qg5 27. Qc2 Rxc1 28. Qxc1
Qxh5 29. Qb1 Bc8 30. Qb6 Bd7 31. Qc7 Be8 32. Qc8 f6 33. exf6 Qf7 34. fxg7 Kxg7
35. Ng4 Bd7 36. Qc7 Kg8 37. Qxd7 1-0

[Event "32nd ECC Women 2016"]
[Site "Novi Sad SRB"]
[Date "2016.11.12"]
[Round "7.6"]
[Board "4"]
[White "Kosc, Renata"]
[Black "Prudnikova, Svetlana"]
[Result "0-1"]
[BlackTitle "WGM"]
[WhiteElo "2016"]
[BlackElo "2296"]
[WhiteTeam "ASVOE Pamhagen"]
[BlackTeam "Jelica PEP - Goracici"]
[WhiteFideId "1602578"]
[BlackFideId "929700"]
[EventDate "2016.11.06"]

1. e4 c5 2. Nf3 Nc6 3. Bb5 g6 4. O-O Bg7 5. Re1 e5 6. Nc3 Nge7 7. a4 O-O 8. Bc4
d6 9. Nd5 Nxd5 10. Bxd5 h6 11. c3 Kh7 12. h3 f5 13. d3 Qf6 14. exf5 gxf5 15. Nh2
Ne7 16. Qf3 Rb8 17. Nf1 Nxd5 18. Qxd5 b6 19. Ne3 Bb7 20. Qb3 Rg8 21. Nd5 Qg6 22.
c4 Bf6 23. g3 f4 24. g4 Bxd5 25. cxd5 Qh5 26. d4 cxd4 27. Kf1 Qh4 28. Ke2 Rbe8
29. Qf3 Qg5 30. Qe4+ Kg7 31. Bd2 Rc8 32. Rac1 Qg6 33. Kd3 Bh4 34. Qxg6+ Kxg6 35.
Ke2 Kg5 36. Rxc8 Rxc8 37. Rc1 Rxc1 38. Bxc1 e4 39. b4 d3+ 40. Kf1 h5 41. gxh5
Kf5 42. h6 Bf6 43. h7 f3 44. Ke1 Kg6 45. Kd1 Kxh7 46. Be3 Bc3 47. b5 Kg6 48. Bf4
Kf5 49. Bg3 Kg5 50. Kc1 0-1

[Event "32nd ECC Women 2016"]
[Site "Novi Sad SRB"]
[Date "2016.11.12"]
[Round "7.7"]
[Board "1"]
[White "Berzina, Ilze"]
[Black "Paehtz, Elisabeth"]
[Result "1-0"]
[WhiteTitle "WGM"]
[BlackTitle "IM"]
[WhiteElo "2283"]
[BlackElo "2474"]
[WhiteTeam "Kaunas CC Margiris"]
[BlackTeam "SS Lazio Scacchi"]
[WhiteFideId "11601345"]
[BlackFideId "4641833"]
[EventDate "2016.11.06"]

1. e4 e6 2. d4 d5 3. e5 c5 4. c3 Nc6 5. Nf3 Bd7 6. a3 f6 7. b4 cxd4 8. cxd4 a6
9. Bd3 Qc7 10. O-O fxe5 11. Nxe5 Nf6 12. Bb2 Bd6 13. Qe2 O-O 14. Nd2 Be8 15.
Rac1 Bxe5 16. dxe5 Nd7 17. f4 Qb6+ 18. Kh1 Bg6 19. Bxg6 hxg6 20. Qg4 Ne7 21. Nf3
Rf5 22. Nd4 Kf7 23. Nxf5 Nxf5 24. Qf3 a5 25. Bc3 a4 26. Be1 Qb5 27. Bf2 Rc8 28.
Rxc8 Qxf1+ 29. Bg1 Qxf3 30. gxf3 d4 31. Rc1 Nb6 32. Rd1 Nc4 33. Bxd4 Nxa3 34.
Bc5 Ke8 35. Ra1 Nb5 36. Rxa4 Kd7 37. Ra1 Nc3 38. Rg1 Nd5 39. Rxg6 Nxf4 40. Rg1
Ke8 41. Ra1 Kd7 42. b5 Kc7 43. Ra8 Nd3 44. Ba7 Nf4 45. Rf8 Ng6 46. Rf7+ Kc8 47.
Bb6 Nxe5 48. Rf8+ Kd7 49. Rd8+ Ke7 50. Rb8 Nd7 51. Rxb7 Kd6 52. Bc7+ Kc5 53. Bg3
Nf6 54. Bf2+ Kd6 55. b6 Nd7 56. Ra7 Ne7 57. Bg3+ e5 58. f4 Nc6 59. fxe5+ Ke6 60.
Rc7 1-0